00520nam a2200193 a 4500001001300000003000900013005001700022008004100039020002300080082002200103100001800125245005400143260003600197300000900233500003500242505001000277650002100287700001800308nice12345678IN_TiNIC20260116013748.0050524s1999 newa grp 000 0 eng  a8173049 c45000a323.39710954bMAS aMassey, James aMinorities in a Democracyb the Indian Experience aNew Delhi bManohar Pub. c1999 a224p aincludes index and biblioraphy2 aIndex aMinorities-India1 aMassey, James